000 00369nam a2200145Ia 4500
008 220216s9999 xx 000 0 und d
100 _aJumpasut Prachaya
245 0 _aHow China is driving the rubber industry
260 _bRubber Asia
_c2004
300 _a34-40,49-54
650 _aChina
650 _aRubber consumption
650 _aRubber industry
942 _cJS
999 _c60496
_d60496